000 01138nam a2200325 a 4500
001 vtls001360291
003 NLI
005 20210627081536.0
008 120625m1973uuuudcu f000 0 eng
039 9 _y201206251832
_zVLOAD
040 _aNLI
_beng
_cDatasoft_FOD_6
_eAACR2
041 0 _aeng
044 _a dcu
082 0 4 _a 336.73
110 1 _aUnited States.
_bAdvisory Commission on Intergovernmental Relations.
245 1 2 _aA commission report reginal governance :
_bpromise and performance /
_cUnited States, Advisory Commission on Intergovernmental Relations
260 _aWashington, D. C. :
_bThe Commission,
_c1973-
300 _a-v. :
_bfig. ;
_c26 cm.
500 _aLibrary has vol.2
500 _aSubstate regionalism and the federal system
505 0 _aVol.2 - Case studies
650 0 _aIntergovernmental fiscal relations
_zUnited States
_9711572
650 0 _aInterstate relations
_zUnited States
_9731217
887 _a
901 _aAD 56537
_b15.06.1976
_9v.2
902 _aU.S 336.73 Un 3
904 _l3165
949 _AVIRTUAITEM
_D10002
_X100
_6FOD000056537ENG
_9v.2
942 _2ddc
_cBKS
999 _aVIRTUA40
_c720475
_d720475